000 00715cam a2200241 a 4500
008
020 _a1858984327(hbk.)
049 _aMAIN
090 _aREF HB61
_bFOL
100 1 _aFoldvary, Fred E.
245 1 0 _aDictionary of free-market economics /
_cFred E. Foldvary.
260 _aCheltenham :
_bE. Elgar,
_cc1998.
300 _aix, 307 p. ;
_c24 cm.
504 _aIncludes bibliographical references.
650 0 _aEconomics
_xDictionaries.
650 0 _aFree enterprise
_xDictionaries.
653 _aFree-market economics
907 _a.b10026988
_b17-08-11
_c17-04-03
003
005 20230120191407.0
040 _cNUST
942 _cBOOKS
_kREF HB61
_mFOL
999 _c100334
_d100334